Loading...
Current Events | 3 | 20.00 | 100% | 100% | 0% |
Fine Arts - Classical Music | 5 | 10.00 | 100% | 0% | 0% |
Fine Arts - Other Fine Arts | 7 | 15.71 | 100% | 57% | 0% |
Fine Arts - Painting and Sculpture | 1 | 20.00 | 100% | 100% | 0% |
Geography | 3 | 13.33 | 100% | 33% | 0% |
History - American History | 3 | 10.00 | 100% | 0% | 0% |
History - European History | 5 | 12.00 | 100% | 20% | 0% |
History - Other History | 4 | 15.00 | 100% | 25% | 25% |
History - World History | 6 | 18.33 | 100% | 67% | 17% |
Literature - Drama | 2 | 25.00 | 100% | 100% | 50% |
Literature - Long Fiction | 7 | 12.86 | 86% | 29% | 14% |
Literature - Misc Literature | 2 | 10.00 | 50% | 0% | 50% |
Literature - Poetry | 2 | 10.00 | 100% | 0% | 0% |
Literature - Short Fiction | 2 | 25.00 | 100% | 100% | 50% |
Mythology | 4 | 10.00 | 100% | 0% | 0% |
Other Academic | 5 | 10.00 | 80% | 20% | 0% |
Philosophy | 5 | 10.00 | 80% | 20% | 0% |
Religion | 3 | 13.33 | 100% | 33% | 0% |
Science - Biology | 4 | 10.00 | 75% | 25% | 0% |
Science - Chemistry | 3 | 10.00 | 100% | 0% | 0% |
Science - Other Science | 7 | 14.29 | 86% | 43% | 14% |
Science - Physics | 4 | 5.00 | 50% | 0% | 0% |
Social Science | 7 | 12.86 | 86% | 43% | 0% |